00452nam a2200085 a 4500008004100000050002600041245019800067260008300265300001800348190618s2013    ||||||||||||||||| ||    u  aUNCTAD(06)DP/2013/21400aTowards more Balanced Growth Strategies in Developing Countries:Issues Related to Market size, Trade Balances and Purchasing PowercBy United Nation Conference On Trade and Development (UNCTAD)  aSwitzerlandbUnited Nations Conference on Trade and Development (UNCTAD)c2013  aill,35p.:ill.